书目信息 |
| 题名: |
物业环境管理
|
|
| 作者: | 郑芷青 , 宋建阳 编著 | |
| 分册: | ||
| 出版信息: | 广州 华南理工大学出版社 2005.02 |
|
| 页数: | 334页 | |
| 开本: | 20cm | |
| 丛书名: | ||
| 单 册: | ||
| 中图分类: | F293.33 | |
| 科图分类: | ||
| 主题词: | 物业管理 : 环境管理--wu ye guan li:huan jing guan li--高等学校--教材 | |
| 电子资源: | ||
| ISBN: | 7-5623-2185-X | |
| 000 | 00962nam0 2200253 450 | |
| 001 | 012006914216 | |
| 005 | 20060904152521.29 | |
| 010 | @a7-5623-2185-X@dCNY20.00 | |
| 100 | @a20060611d2005 km y0chiy0120 ea | |
| 101 | 0 | @achi |
| 102 | @aCN@b440000 | |
| 105 | @aa a 000yy | |
| 200 | 1 | @a物业环境管理@Awu ye huan jing guan li@f郑芷青, 宋建阳编著@Fzheng zhi qing,song jian yang bian zhu |
| 210 | @a广州@c华南理工大学出版社@d2005.02 | |
| 215 | @a334页@c图@d20cm | |
| 300 | @a物业管理专业系列教材 | |
| 320 | @a有书目 (第334页)。 | |
| 330 | @a本书内容共7章,内容分别是物业环境管理总论,物业环境污染与防治,物业环境质量管理, 物业环境卫生管理,物业环境绿化,物业环境绿化管理,物业环境安全管理等。 | |
| 606 | 0 | @a物业管理 : 环境管理@Awu ye guan li:huan jing guan li@x高等学校@j教材 |
| 690 | @aF293.33@v4 | |
| 701 | 0 | @a郑芷青@Azheng zhi qing@4编著 |
| 701 | 0 | @a宋建阳@Asong jian yang@4编著 |
| 801 | 0 | @aCN@bQSSK@c20060904 |
| 905 | @a10447@dF293.33@eZ457 | |
| 物业环境管理/郑芷青, 宋建阳编著.-广州:华南理工大学出版社,2005.02 |
| 334页:图;20cm |
| 物业管理专业系列教材 |
| ISBN 7-5623-2185-X:CNY20.00 |
| 本书内容共7章,内容分别是物业环境管理总论,物业环境污染与防治,物业环境质量管理, 物业环境卫生管理,物业环境绿化,物业环境绿化管理,物业环境安全管理等。 |
| ● |
| 相关链接 |
|
|
|
正题名:物业环境管理
索取号:F293.33/Z457
 
预约/预借
| 序号 | 登录号 | 条形码 | 馆藏地/架位号 | 状态 | 备注 |
| 1 | 585435 | 205854351 | 社科库409/409社科库 109排2列4层/ [索取号:F293.33/Z457] | 在馆 | |
| 2 | 585436 | 205854360 | 社科库409/409社科库 109排2列4层/ [索取号:F293.33/Z457] | 在馆 | |
| 3 | 585437 | 205854379 | 社科库409/409社科库 109排2列4层/ [索取号:F293.33/Z457] | 在馆 |